Podnety z časopisu Český jazyk a literatúra

Podrobná bibliografia
Hlavný autor: Krpčiar, Ján (Autor)
Médium: Článok
Jazyk:slovenčina
Predmet:

MARC

LEADER 00000nab a2200000 a 4500
001 vtls000158249
003 SK-MaSNL
005 20260304181157.0
008 250423c1982 xo 0 slo
015 |a SNBRB19rr/mm-uuuuu 
035 |a CL0168358 
035 |a urn:nbn:sk:snk-ab44l 
035 |a (urnnbn)urn:nbn:sk:snk:ar-a04xpv 
035 |a (uuid)1c6990f5-04ae-43a9-abdb-90422a3e99ec 
040 |a SNKBUCL  |b slo  |c SNKBUCL  |e AACR2 
041 0 |a slo 
044 |a xo  |c SK 
080 |a 82:37  |2 1981 
080 |a 37  |2 1981 
080 |a 372.882  |2 1981 
080 |a 371.3  |2 1981 
100 1 |a Krpčiar, Ján  |4 aut  |9 5486 
245 1 0 |a Podnety z časopisu Český jazyk a literatúra  |c Ján Krpčiar 
650 0 7 |a literárna výchova  |2 snkbucl  |9 1653 
650 0 7 |a didaktika literatúry  |2 snkbucl  |9 73475 
650 0 7 |a slovenská literatúra  |2 snkbucl  |9 1115 
655 7 |a články z novín a časopisov  |2 snkbucl  |9 267496 
655 7 |a články z odboru literárna veda a krásna literatúra  |2 snkbucl  |9 770045 
773 0 |t Slovenský jazyk a literatúra v škole  |g Roč. 28, č. 7 (1981/1982), s. 222-224 
850 |a Slovenská národná knižnica 
852 |a Slovenská národná knižnica 
954 |a odborná, vedecká literatúra pôvodná (slovenská)  |2 lita 
958 |a article27 
958 |a RK 
958 |a LX 
958 |a OND 
958 |a EUIPO 
992 |a RBX 
999 |c 3022331  |d 3024261